00222nam a2200085Ia 4500001000800000005001700008008004100025245004500066260002500111120694220251010144532.0250824s9999 xx 000 0 und d 0aMANAS DESTANI cABDÜLKADİR İNAN bKÜLTÜR YAYINLARI